La vida intelectual / (Record no. 143518)

MARC details
000 -LEADER
campo de control de longitud fija 00746nam a2200229 i 4500
001 - NÚMERO DE CONTROL
campo de control 143518
003 - IDENTIFICADOR DE NÚMERO DE CONTROL
campo de control ES-MaACL
005 - FECHA Y HORA DE LA ÚLTIMA TRANSACCIÓN
campo de control 20250829063125.0
007 - CAMPO FIJO DE DESCRIPCIÓN FÍSICA--INFORMACIÓN GENERAL
campo de control de longitud fija t|
008 - DATOS DE LONGITUD FIJA--INFORMACIÓN GENERAL
campo de control de longitud fija 070214s1944 sp r ||||1| spa d
100 1# - ENTRADA PRINCIPAL--NOMBRE DE PERSONA
Nombre de persona Sertillanges, Antonin-Dalmace,
Fechas asociadas al nombre 1863-1948
9 (RLIN) 105847
245 13 - MENCIÓN DEL TÍTULO
Título La vida intelectual /
Mención de responsabilidad, etc. A. D. Sertillanges ; [traducido del francés por el Dr. Vicente Nolla].
250 ## - MENCION DE EDICION
Mención de edición 2ª ed.
260 ## - PUBLICACIÓN, DISTRIBUCIÓN, ETC.
Lugar de publicación, distribución, etc. Barcelona :
Nombre del editor, distribuidor, etc. Atlántida,
Fecha de publicación, distribución, etc. 1944 (
Fabricante Simpar)
300 ## - DESCRIPCIÓN FÍSICA
Extensión 200 p. ;
Dimensiones 17 cm.
490 1# - MENCIÓN DE SERIE
Mención de serie Alfa y omega ;
Designación de volumen o secuencia 1-2
650 #7 - PUNTO DE ACCESO ADICIONAL DE MATERIA--TÉRMINO DE MATERIA
Término de materia o nombre geográfico como elemento de entrada Vida intelectual
Fuente del encabezamiento o término embne
9 (RLIN) 159621
700 1# - ENTRADA AGREGADA--NOMBRE PERSONAL
Nombre de persona Nolla, Vicente.
9 (RLIN) 85918
830 0# - PUNTO DE ACCESO ADICIONAL DE SERIE-TÍTULO UNIFORME
Título uniforme Alfa y omega ;
Designación de volumen o secuencia 1-2
9 (RLIN) 220574
852 ## - LOCALIZACIÓN
Ubicación ES-MaACL
Número de control de estantería D-6691
Sublocalización o colección R.27087
Holdings
Estatus retirado Estado de pérdida Estado de daño No para préstamo Biblioteca de origen Biblioteca actual Ubicación en estantería Fecha de adquisición Fuente de adquisición Total de préstamos Signatura topográfica completa Código de barras Visto por última vez Precio de reemplazo Tipo de ítem Koha
        Biblioteca del Ateneo de Madrid Biblioteca del Ateneo de Madrid Sala Valle Inclán 17/01/2008     D-6691 901149319 23/02/2023 23/02/2023 Libro impreso